| 000 | | | 04368nac2a22002893x 450 |
| 001 | | | 8b69bdb6-5f6b-4a2c-a9c7-0d40b1d92d99 |
| 005 | | | 20211209102947.0 |
| 100 | ## | $a | 20211120l19071911k y0rusy50 ca |
| 101 | 0# | $a | rus |
| 102 | ## | $a | RU |
| 105 | ## | $a | y z ||||| |
| 122 | 2# | $a | d19071231 |
| | $a | d19111231 |
| 200 | 1# | $a | Кузнецов Н. О деле своего сына и устройстве его на работу |
| | $j | 1907-1911 |
| 215 | ## | $a | 14 листов |
| 251 | ## | $c | Дело |
| 300 | ## | $a | Заголовок дела на папке: Письма Кузнецова Н. (отец) - Звегинцеву Александру Ивановичу. (О деле сына, об устройстве его на работу в Воронежском банке и в Петербурге и др.) |
| 300 | ## | $a | Листы: 5 - открытка почтовая; 2, 8, 12 - пронумерованные чистые |
| 300 | ## | $a | Рукописный текст |
| 330 | ## | $a | Входит в раздел описи: 1. Письма к А. И. Звегинцову. 2/ Письма по служебной деятельности А. И. Звегинцова |
| 461 | #0 | $1 | 001fc48e33c-c630-4015-85dd-2f2aab656f45 |
| | $1 | 2001 |
| | $a | Звегинцев Александр Иванович, помещик Воронежской губернии, депутат III Государственной думы, член партии "Союз 17 октября" |
| | $1 | 251 |
| | $c | Фонд |
| | $1 | 852 |
| | $j | 932 |
| 462 | #0 | $1 | 001ddcf82e7-7bd9-4c5e-b7f1-85df8b3febb3 |
| | $1 | 2001 |
| | $a | Дела постоянного хранения. 1899-1913 гг. |
| | $v | Д. 217 |
| | $1 | 251 |
| | $c | Опись |
| | $1 | 852 |
| | $j | 1 |
| 517 | 1# | $a | Письма Кузнецова Н. (отец) - Звегинцеву Александру Ивановичу. (О деле сына, об устройстве его на работу в Воронежском банке и в Петербурге и др.) |
| 600 | #1 | $a | Звегинцев |
| | $b | А. И. |
| | $g | Александр Иванович |
| 600 | #1 | $a | Кузнецов |
| | $b | Н. |
| 801 | #0 | $a | RU |
| | $b | GA_RF |
| 801 | #1 | $a | RU |
| | $b | ГлавНИВЦ |
| | $c | 20211120 |
| | $2 | rusmarc |
| 801 | #2 | $a | RU |
| | $b | ПБ им. Б.Н. Ельцина |
| | $c | 20211209 |
| | $g | RCR |
| | $2 | rusmarc |
| 852 | ## | $a | ГА РФ |
| | $j | 217 |
| 937 | ## | $d | 171322313 |
| | $h | ГАРФ |
| 035 | ## | $a | RuPRLIB51061960 |
| 856 | ## | $u | http://readingroom.main.prlib.ru/item.aspx?id_node=n171322313&mode=full |